| 000 | 00993cam a2200229 4500 | ||
|---|---|---|---|
| 001 | WB4017-07 | ||
| 008 | 040505n2004 000 0 eng u | ||
| 035 | _a(Sirsi) u126093 | ||
| 245 | _aScottish housing grants get more funding | ||
| 260 | _c2004 | ||
| 490 |
_aScottish Executive News Release _v(SENW4896/2004) 29 April 2004 (3) |
||
| 520 | _aFunding for Private Sector Housing Grants paid to local authorities will total over £140m in the next two years, an increase of over 40% since 2003. These grants will benefit homeowners and tenants in private rented accomodation, with funding for essential improvements and repairs. Families in poor living conditions will be especially targeted. http://www.scotland.gov.uk/pages/news/2004/04/SENW 4896.aspx | ||
| 590 | _aWB | ||
| 590 | _aWB | ||
| 650 | _aHOUSING GRANTS | ||
| 650 | _aSCOTLAND | ||
| 650 | _aPRIVATE SECTOR HOUSING | ||
| 650 | _aHOUSING REPAIRS | ||
| 650 | _aSUBSTANDARD HOUSING | ||
| 690 | _aHOUSING | ||
| 942 | _n0 | ||
| 999 |
_c117288 _d117288 |
||